| 000 | 00437nam a2200157Ia 4500 | ||
|---|---|---|---|
| 003 | IQ-KOUCL | ||
| 041 | _aArabic | ||
| 082 | _a210,72 cut-794 ك | ||
| 100 | _a20260118u\\\\\\\\\\\y0engy0103\\\\ba | ||
| 100 | _aصفي الدين المبار كفوري | ||
| 245 | 0 | _aالرحيق المختوم | |
| 250 | _aط1 | ||
| 260 |
_bجمعية احياء التراث الاسلامي _aالكويت _c2022 |
||
| 300 | _a512 | ||
| 942 | _cBk | ||
| 999 |
_c186344 _d186344 |
||